000 00329nmm a2200145 a 4500
003 AR-BaBNM
005 20251128203136.0
008 293119s1936 ||||||||||||||000 | spa||
040 _cAR-BaBNM
100 1 _aCamerlynck, G.H.
245 1 0 _aThe boy's own book
260 _a[S.l.]
_bDidier
_c1936
942 _cBK
998 _cLOMBERG
999 _c2096
_d2096